Bezpečnostné predpisy pre zváranie plameňom a rezanie kyslíkom /

Enregistré dans:
Détails bibliographiques
Auteurs principaux: Mutňanský, Vladimír (Auteur), Skokna, Fridrich (Auteur)
Format: Livre
Langue:slovaque
Publié: Bratislava : Práca, 1980
Édition:1.vyd.
Sujets:
Tags: Ajouter un tag
Pas de tags, Soyez le premier à ajouter un tag!

MARC

LEADER 00000nam a22000003a 4500
001 stu45014
005 20150617225718.1
008 951017s1980----cs------------------slo-d
040 |a STU  |b slo 
041 0 |a slo 
044 |a cs 
080 |a 621.791.5 
080 |a 621.791.948(083.1) 
100 1 |a Mutňanský, Vladimír  |4 aut 
245 1 |a Bezpečnostné predpisy pre zváranie plameňom a rezanie kyslíkom /  |c [aut.]Vladimír Mutňanský, Fridrich Skokna 
250 |a 1.vyd. 
260 |a Bratislava :  |b Práca,  |c 1980 
300 |a 133 s 
650 7 |a zváranie plameňom  |2 stusub 
650 7 |a predpisy  |2 stusub 
650 7 |a Rezanie kyslíkom  |2 stusub 
700 1 |a Skokna, Fridrich  |4 aut 
996 |b 284M025987  |c M*9289-1  |l MMKN  |s A  |a 24  |w stu45014_0001